000 00668cam a22002293a 4500
001 23332
003 PGUSA
005 20140828083510.0
008 071104s2007||||xxu|||||s|||||000 p eng d
040 _aPGUSA
_beng
042 _adc
050 4 _aPS
100 1 _aLongfellow, Henry Wadsworth,
_d1807-1882
245 1 0 _aGreetings from Longfellow
_h[electronic resource] /
_cHenry Wadsworth Longfellow
260 _bProject Gutenberg,
_c2007
506 _aPublic domain in the USA.
516 _aElectronic text
653 _aAmerican poetry -- 19th century
830 0 _aProject Gutenberg
_v23332
856 4 0 _uhttp://www.gutenberg.org/ebooks/23332
942 _cEB
999 _c252587
_d252587